|
|
|
|
| LEADER |
00803nam a22001937i 4500 |
| 003 |
GR-PaULI |
| 005 |
20220314141040.0 |
| 008 |
170526s2016 gr f |||| 00| f gre d |
| 952 |
|
|
|0 0
|1 0
|2 ddc
|4 0
|6 889_334000000000000_ΠΑΝ
|7 0
|9 357843
|a LISP
|b LISP
|c DON
|d 2022-03-14
|e ΠΑΤ
|i 255905
|l 0
|o 889.334 ΠΑΝ
|p 025000290906
|r 2022-03-14 00:00:00
|t 1
|w 2022-03-14
|y BKN
|
| 999 |
|
|
|c 209319
|d 209319
|
| 020 |
|
|
|a 9786180303902
|
| 040 |
|
|
|a GR-PaULI
|b gre
|c GR-PaULI
|e AACR2
|
| 082 |
0 |
0 |
|2 23
|a 889.334
|
| 100 |
1 |
|
|9 8774
|a Πανσέληνος, Αλέξης,
|d 1943-
|e συγγραφέας.
|
| 245 |
1 |
2 |
|a Η κρυφή πόρτα :
|b μυθιστόρημα /
|c Αλέξης Πανσέληνος.
|
| 260 |
|
|
|a Αθήνα :
|b Μεταίχμιο,
|c 2016.
|
| 300 |
|
|
|a 178 σ. ;
|c 21 εκ.
|
| 942 |
|
|
|2 ddc
|c BKN
|
| 998 |
|
|
|c ΜΠΟΥΡΑΣ
|d 2022-03
|